Book Titles by Synonym #3 - Statistics

General Stats
  • This quiz has been taken 61 times
  • The average score is 13 of 25
Answer Stats
Hint Answer % Correct
To Assassinate a Lyrebird To Kill a Mockingbird
93%
A Goodbye to Weaponry A Farewell to Arms
87%
The Deity Daddy The Godfather
85%
Jimmy and the Enormous Nectarine James and the Giant Peach
82%
Of Rodents and Fellas Of Mice and Men
82%
A Crease in Tempo A Wrinkle in Time
75%
Annette of Lime Canopies Anne of Green Gables
71%
The Trio of Riflemen The Three Musketeers
69%
The Temporal Device The Time Machine
65%
The Lass on the Locomotive The Girl on the Train
64%
The Leonardo Cipher The Da Vinci Code
62%
The Error in Our Constellations The Fault in Our Stars
62%
Absent Chick Gone Girl
60%
The Ancient Inquisitiveness Store The Old Curiosity Shop
45%
The Chap in the Ferrous Face Covering The Man in the Iron Mask
42%
The Devilish Lyrics The Satanic Verses
36%
The Bistro at the Terminus of the Galaxy The Restaurant at the End of the Universe
35%
Do Robots Fantasise About Galvanic Ovines? Do Androids Dream of Electric Sheep?
33%
Marooned Shipwrecked
29%
The Entirety of the Head of State's Blokes All the President's Men
27%
The Craft of the Agreement The Art of the Deal
25%
The Chime Pot The Bell Jar
25%
Away from the Frenzied Throng Far from the Madding Crowd
24%
The Duplicate Spiral The Double Helix
18%
The Nihilist's Recipe Manual The Anarchist's Cookbook
16%
No matching quizzes found
Score Distribution
Percent of People with Each Score
Percentile by Number Answered
Your Score History
You have not taken this quiz